[Event "Open CapaBlanca"]
[Site "SchemingMind.com"]
[Date "2011.05.31"]
[Round "-"]
[White "concave"]
[Black "otsenrechess"]
[Result "1/2-1/2"]
[WhiteCountry "GER"]
[BlackCountry "HUN"]
[WhiteElo "2143"]
[WhiteRD "89"]
[BlackElo "2309"]
[BlackRD "76"]
[GameID "285372"]

1. e4 e6 2. d4 d5 3. Nc3 Bb4 4. e5 c5 5. a3 Bxc3+ 6. bxc3 Ne7 7. Nf3 Bd7 8. Bd3 c4 9. Be2 Ba4 10. O-O Nbc6
11. Nh4 Qa5 12. Bd2 Ng6 13. Nf3=
1/2-1/2

[Event "Open CapaBlanca"]
[Site "SchemingMind.com"]
[Date "2011.06.01"]
[Round "-"]
[White "otsenrechess"]
[Black "concave"]
[Result "1/2-1/2"]
[WhiteCountry "HUN"]
[BlackCountry "GER"]
[WhiteElo "2309"]
[WhiteRD "76"]
[BlackElo "2143"]
[BlackRD "89"]
[GameID "285373"]

1. e4 c5 2. Nf3 d6 3. d4 cxd4 4. Nxd4 Nf6 5. Nc3 a6 6. Be2 Nc6 7. Be3 e5 8. Nb3 Be7 9. O-O O-O 10. f3 Be6
11. Nd5 Bxd5 12. exd5 Nb4 13. c4 a5 14. Qd2 b6 15. Nc1 Nd7=
1/2-1/2

[Event "Open CapaBlanca"]
[Site "SchemingMind.com"]
[Date "2011.06.02"]
[Round "-"]
[White "SittingBull"]
[Black "otsenrechess"]
[Result "0-1"]
[WhiteCountry "CAN"]
[BlackCountry "HUN"]
[WhiteElo "1836"]
[WhiteRD "64"]
[BlackElo "2315"]
[BlackRD "53"]
[GameID "285580"]

1. e4 e6 2. d4 d5 3. Nc3 Bb4 4. e5 c5 5. a3 Bxc3+ 6. bxc3 Ne7 7. Qg4 O-O 8. Nf3 Nbc6 9. Bd3 f5 10. exf6 Rxf6
11. Ne5 c4 12. Nxc6 Nxc6 13. Bg5 cxd3 14. Bxf6 Qxf6 15. cxd3 e5 16. Qe2 Bf5 17. dxe5 Nxe5 18. d4 Nd3+ 19. Kd2 Rc8 20. Qf3 Qh6+
21. Qe3 Qc6
0-1

[Event "Open CapaBlanca"]
[Site "SchemingMind.com"]
[Date "2011.06.04"]
[Round "-"]
[White "SittingBull"]
[Black "concave"]
[Result "0-1"]
[WhiteCountry "CAN"]
[BlackCountry "GER"]
[WhiteElo "1855"]
[WhiteRD "66"]
[BlackElo "2167"]
[BlackRD "90"]
[GameID "285581"]

1. e4 d6 2. d4 Nf6 3. Nc3 g6 4. f3 Bg7 5. Be3 O-O 6. Qd2 c6 7. O-O-O b5 8. Bh6 b4 9. Nb1 Qa5 10. h4 Bxh6
11. Qxh6 Qh5 12. Qd2 Qa5 13. Bc4 Ba6 14. Bxa6 Nxa6 15. g4 c5 16. h5 cxd4 17. hxg6 fxg6 18. Qxd4 Qxa2 19. Nh3 Rfc8 20. Nf4 Nc5
21. Kd2 e5 22. Qf2 Ncxe4+
0-1

[Event "Open CapaBlanca"]
[Site "SchemingMind.com"]
[Date "2011.06.02"]
[Round "-"]
[White "otsenrechess"]
[Black "SittingBull"]
[Result "1-0"]
[WhiteCountry "HUN"]
[BlackCountry "CAN"]
[WhiteElo "2318"]
[WhiteRD "63"]
[BlackElo "1855"]
[BlackRD "66"]
[GameID "285582"]

1. e4 c5 2. Nf3 d6 3. Bb5+ Bd7 4. Bxd7+ Nxd7 5. O-O Ngf6 6. d3 g6 7. Ng5 Bg7 8. f4 O-O 9. Kh1 h6 10. Nf3 Qc7
11. Nc3 a6 12. Qe2 b5 13. e5 Ne8 14. e6 Ndf6 15. Nh4 Kh7 16. exf7 Rxf7 17. Qe6 Rf8 18. f5 g5 19. Ng6
1-0

[Event "Open CapaBlanca"]
[Site "SchemingMind.com"]
[Date "2011.06.04"]
[Round "-"]
[White "concave"]
[Black "SittingBull"]
[Result "1-0"]
[WhiteCountry "GER"]
[BlackCountry "CAN"]
[WhiteElo "2200"]
[WhiteRD "89"]
[BlackElo "1836"]
[BlackRD "64"]
[GameID "285583"]

1. d4 Nf6 2. c4 g6 3. Nc3 Bg7 4. e4 d6 5. Nf3 O-O 6. Be2 e5 7. d5 a5 8. O-O Na6 9. a3 Nc5 10. Qc2 Bd7
11. Be3 Ng4 12. Bxc5 dxc5 13. h3 Nh6 14. Rab1 f5 15. b4 axb4 16. axb4 cxb4 17. Rxb4 b6 18. Bd3 fxe4 19. Bxe4 Bf5 20. Re1 Qd6
21. Rb2 Qc5 22. Nb5 Bxe4 23. Rxe4 Nf7 24. Qe2 Ra1+ 25. Kh2 Nd6 26. Nxd6 cxd6 27. Ng5 Rf4 28. Rxf4
1-0

[Event "Open CapaBlanca"]
[Site "SchemingMind.com"]
[Date "2011.06.02"]
[Round "-"]
[White "Ayçaguer"]
[Black "SittingBull"]
[Result "0-1"]
[WhiteCountry "ARG"]
[BlackCountry "CAN"]
[WhiteElo "1323"]
[WhiteRD "87"]
[BlackElo "1836"]
[BlackRD "64"]
[GameID "285605"]

1. d4 Nf6 2. c4 g6 3. Nc3 Bg7 4. e4 d6 5. Nf3 O-O 6. Be2 e5 7. d5 a5 8. O-O Na6 9. h3 Nc5 10. Qc2 Nh5
11. Bg5 f6 12. Be3 g5 13. Nxg5 fxg5 14. Bxh5 Qf6 15. Bxc5 dxc5 16. Rad1 Qh6 17. Bg4 Bxg4 18. hxg4 Qh4 19. f3 h5 20. Qf2 Qxf2+
21. Rxf2 hxg4 22. Rdf1 gxf3 23. Rxf3 Rf4 24. g3 Rff8 25. Kg2 Bh6 26. Rxf8+ Rxf8 27. Rxf8+ Bxf8 28. Kh3 Kg7 29. Kg4 Kf6 30. Nb5 c6
31. dxc6 bxc6 32. Na7 Bd6 33. b3 Bc7 34. Nxc6 Kg6 35. Ne7+ Kf7 36. Nd5 Bd8 37. a3 Ke6
0-1

[Event "Open CapaBlanca"]
[Site "SchemingMind.com"]
[Date "2011.06.02"]
[Round "-"]
[White "Ayçaguer"]
[Black "otsenrechess"]
[Result "0-1"]
[WhiteCountry "ARG"]
[BlackCountry "HUN"]
[WhiteElo "1427"]
[WhiteRD "88"]
[BlackElo "2309"]
[BlackRD "76"]
[GameID "285606"]

1. d4 c5 2. dxc5 e6 3. Be3 Na6 4. Nf3 Nf6 5. g3 Bxc5 6. Bxc5 Nxc5 7. Bg2 Qb6 8. Qc1 O-O 9. O-O d6 10. Na3 Bd7
11. Rb1 e5 12. Rd1 Be6 13. b4 Nce4 14. Rf1 Nc3 15. Rb2 Nxe2+
0-1

[Event "Open CapaBlanca"]
[Site "SchemingMind.com"]
[Date "2011.06.04"]
[Round "-"]
[White "Ayçaguer"]
[Black "concave"]
[Result "0-1"]
[WhiteCountry "ARG"]
[BlackCountry "GER"]
[WhiteElo "1325"]
[WhiteRD "81"]
[BlackElo "2167"]
[BlackRD "90"]
[GameID "285607"]

1. d4 Nf6 2. c4 e6 3. Nf3 d5 4. Bg5 Be7 5. e3 O-O 6. cxd5 exd5 7. Be2 c5 8. O-O h6 9. Bh4 cxd4 10. Nxd4 Nc6
11. Nxc6 bxc6 12. Nc3 Bf5 13. Bd3 Bxd3 14. Qxd3 Re8 15. h3 Rb8 16. Rab1 Rb4 17. Bg3 Ne4 18. Nxe4 Rxe4 19. Rfc1 Bd6 20. Rc3 Bxg3
21. fxg3 Rxe3 22. Qc2 Re2 23. Qf5 Qb6+
0-1

[Event "Open CapaBlanca"]
[Site "SchemingMind.com"]
[Date "2011.06.02"]
[Round "-"]
[White "SittingBull"]
[Black "Ayçaguer"]
[Result "1-0"]
[WhiteCountry "CAN"]
[BlackCountry "ARG"]
[WhiteElo "1918"]
[WhiteRD "64"]
[BlackElo "1458"]
[BlackRD "125"]
[GameID "285608"]

1. e4 c5 2. Nf3 Nc6 3. d4 cxd4 4. Nxd4 d6 5. Nc3 a6 6. Be3 Nf6 7. Be2 e6 8. O-O Be7 9. Kh1 O-O 10. f4 Qc7
11. Qe1 Bd7 12. Qg3 g6 13. f5 Nxd4 14. Bxd4 e5 15. Be3 Kh8 16. a4 gxf5 17. Bg5 Rg8 18. Qh4 Rg6 19. exf5 Rxg5 20. Qxg5 Rg8
21. Qe3 Qc6 22. Bf3 Qc4 23. Qe2 Qb4 24. Nd5
1-0

[Event "Open CapaBlanca"]
[Site "SchemingMind.com"]
[Date "2011.06.02"]
[Round "-"]
[White "otsenrechess"]
[Black "Ayçaguer"]
[Result "1-0"]
[WhiteCountry "HUN"]
[BlackCountry "ARG"]
[WhiteElo "2309"]
[WhiteRD "76"]
[BlackElo "1427"]
[BlackRD "88"]
[GameID "285609"]

1. d4 Nf6 2. c4 e6 3. Nf3 d5 4. g3 c6 5. Bg2 Be7 6. O-O O-O 7. Qc2 dxc4 8. Qxc4 Nbd7 9. Nc3 Qc7 10. Bf4 Bd6
11. Nb5 cxb5 12. Qxc7 Bxc7 13. Bxc7 a5 14. Rfc1 Ra6 15. Bf1 b6 16. e3 Bb7 17. Ne5 Rc8 18. Nxd7 Nxd7 19. Bxb5
1-0

[Event "Open CapaBlanca"]
[Site "SchemingMind.com"]
[Date "2011.06.04"]
[Round "-"]
[White "concave"]
[Black "Ayçaguer"]
[Result "1-0"]
[WhiteCountry "GER"]
[BlackCountry "ARG"]
[WhiteElo "2143"]
[WhiteRD "89"]
[BlackElo "1427"]
[BlackRD "88"]
[GameID "285610"]

1. e4 c5 2. Nf3 Nc6 3. d4 cxd4 4. Nxd4 d6 5. c4 e6 6. Nc3 Nf6 7. Be2 Be7 8. O-O O-O 9. Be3 Bd7 10. f4 a6
11. Qd2 Rc8 12. Rad1 Qc7 13. b3 Rfd8 14. Bf3 Nb4 15. Qf2 Nc6 16. Nde2 Nb4 17. Bb6
1-0

[Event "Open CapaBlanca"]
[Site "SchemingMind.com"]
[Date "2011.06.08"]
[Round "-"]
[White "emvarela"]
[Black "SittingBull"]
[Result "1-0"]
[WhiteCountry "ARG"]
[BlackCountry "CAN"]
[WhiteElo "1728"]
[WhiteRD "46"]
[BlackElo "1836"]
[BlackRD "64"]
[GameID "285681"]

1. e4 c5 2. Nf3 d6 3. d4 cxd4 4. Nxd4 Nf6 5. Nc3 g6 6. Be3 Bg7 7. f3 Nc6 8. Qd2 Bd7 9. O-O-O Rc8 10. g4 h5
11. g5 Nh7 12. Nxc6 Bxc6 13. Bd4 O-O 14. Bxg7 Kxg7 15. Qd4+ Kg8 16. h4 Qa5 17. Nd5 Bxd5 18. exd5 Qxa2 19. Bd3 Rc5 20. Be4 Rfc8
21. Kd2 Rc4 22. Qe3 Qxb2 23. Bd3 Qb4+ 24. Ke2 Rxh4 25. Qxe7 Rxh1 26. Rxh1 Qa4 27. Bxg6 Re8 28. Bxf7+
1-0

[Event "Open CapaBlanca"]
[Site "SchemingMind.com"]
[Date "2011.06.08"]
[Round "-"]
[White "emvarela"]
[Black "otsenrechess"]
[Result "0-1"]
[WhiteCountry "ARG"]
[BlackCountry "HUN"]
[WhiteElo "1751"]
[WhiteRD "48"]
[BlackElo "2301"]
[BlackRD "51"]
[GameID "285682"]

1. e4 e6 2. d4 d5 3. Nc3 Bb4 4. e5 c5 5. a3 Bxc3+ 6. bxc3 Ne7 7. Qg4 O-O 8. Bd3 Nbc6 9. Nf3 f5 10. exf6 Rxf6
11. Bg5 e5 12. Qh4 e4 13. Bxf6 gxf6 14. Qxf6 exd3 15. Ng5 Qf8 16. Qxf8+ Kxf8 17. Nxh7+ Kg7 18. cxd3 Kxh7 19. dxc5 Bf5 20. d4 Rg8
21. g3 Na5 22. O-O Nec6 23. Rfe1 Be4 24. f4 Kg6 25. Ra2 Nc4 26. g4 Rh8 27. Rf2 Rh4 28. Rxe4 Rxg4+ 29. Rg2 Rxg2+ 30. Kxg2 dxe4
31. d5 Ne3+
0-1

[Event "Open CapaBlanca"]
[Site "SchemingMind.com"]
[Date "2011.06.08"]
[Round "-"]
[White "emvarela"]
[Black "concave"]
[Result "0-1"]
[WhiteCountry "ARG"]
[BlackCountry "GER"]
[WhiteElo "1751"]
[WhiteRD "48"]
[BlackElo "2187"]
[BlackRD "90"]
[GameID "285683"]

1. e4 c5 2. Nf3 d6 3. d4 cxd4 4. Nxd4 Nf6 5. Nc3 a6 6. Be3 e6 7. f3 Qc7 8. Qd2 Be7 9. g4 Nc6 10. O-O-O b5
11. h4 Ne5 12. g5 Nh5 13. f4 Nc4 14. Bxc4 Qxc4 15. Qd3 Qxd3 16. Rxd3 Bb7 17. Rhd1 b4 18. Na4 Bxe4 19. R3d2 Rc8 20. Nb3 O-O
21. Nb6 Rc7 22. Na5 d5 23. b3 Ng3 24. c4 bxc3
0-1

[Event "Open CapaBlanca"]
[Site "SchemingMind.com"]
[Date "2011.06.08"]
[Round "-"]
[White "SittingBull"]
[Black "emvarela"]
[Result "1-0"]
[WhiteCountry "CAN"]
[BlackCountry "ARG"]
[WhiteElo "1836"]
[WhiteRD "64"]
[BlackElo "1728"]
[BlackRD "46"]
[GameID "285685"]

1. e4 e5 2. Nf3 Nc6 3. Bb5 a6 4. Ba4 Nf6 5. Qe2 b5 6. Bb3 Bc5 7. O-O O-O 8. c3 d6 9. h3 Na5 10. Bc2 Bb7
11. b4 Bxf2+ 12. Rxf2 Nc4 13. d3 Nb6 14. Bg5 Nbd7 15. Nbd2 h6 16. Bh4 a5 17. Bb3 a4 18. Bc2 c5 19. Raf1 cxb4 20. cxb4 d5
21. Nh2 dxe4 22. Nxe4 Bxe4 23. dxe4 Qb6 24. Kh1 Qd4 25. Ng4 Nxg4 26. Qxg4 Rac8 27. Rd1 Qxb4 28. Qxd7 Rxc2 29. Rxc2 Qxe4 30. Rc8
1-0

[Event "Open CapaBlanca"]
[Site "SchemingMind.com"]
[Date "2011.06.08"]
[Round "-"]
[White "otsenrechess"]
[Black "emvarela"]
[Result "1-0"]
[WhiteCountry "HUN"]
[BlackCountry "ARG"]
[WhiteElo "2318"]
[WhiteRD "63"]
[BlackElo "1750"]
[BlackRD "48"]
[GameID "285686"]

1. e4 e5 2. Nf3 Nc6 3. d4 Nxd4 4. Nxd4 exd4 5. Qxd4 Qf6 6. e5 Qb6 7. Qxb6 axb6 8. Nc3 Bb4 9. Bd2 c6 10. Ne4 Bxd2+
11. Kxd2 Ke7 12. Nd6 f6 13. f4 Nh6 14. Bc4 fxe5 15. fxe5 Ng4 16. Rae1 Ra5 17. Rhf1 Nxe5 18. Nf7
1-0

[Event "Open CapaBlanca"]
[Site "SchemingMind.com"]
[Date "2011.06.08"]
[Round "-"]
[White "concave"]
[Black "emvarela"]
[Result "1-0"]
[WhiteCountry "GER"]
[BlackCountry "ARG"]
[WhiteElo "2187"]
[WhiteRD "90"]
[BlackElo "1751"]
[BlackRD "48"]
[GameID "285687"]

1. e4 e5 2. Nf3 Nc6 3. Bb5 a6 4. Ba4 Nf6 5. O-O Be7 6. Qe2 b5 7. Bb3 O-O 8. c3 d6 9. h3 Be6 10. d4 Bxb3
11. axb3 exd4 12. cxd4 d5 13. e5 Ne8 14. Nc3 Qd7 15. Nxb5 Nb4 16. Bd2 c6 17. Nd6 Bxd6 18. exd6 Qxd6 19. Ra4 a5 20. Bxb4 axb4
21. Rxa8 Nc7 22. Rxf8+ Kxf8 23. Qc2 Ne6 24. Qxh7
1-0

[Event "Open CapaBlanca"]
[Site "SchemingMind.com"]
[Date "2011.06.10"]
[Round "-"]
[White "Archon"]
[Black "emvarela"]
[Result "0-1"]
[WhiteCountry "CAN"]
[BlackCountry "ARG"]
[WhiteElo "1778"]
[WhiteRD "57"]
[BlackElo "1751"]
[BlackRD "48"]
[GameID "285890"]

1. Nf3 c5 2. c4 g6 3. g3 Bg7 4. Bg2 Nc6 5. Nc3 Nf6 6. d4 O-O 7. d5 Na5 8. Nd2 d6 9. O-O Ng4 10. Qc2 a6
11. Rb1 e6 12. b3 exd5 13. Nxd5 Be6 14. Bb2 Bxd5 15. Bxd5 Bxb2 16. Qxb2 Nf6 17. Bg2 Rb8 18. Rfd1 b5 19. cxb5 axb5 20. Rbc1 Qe7
21. Nf3 Nc6 22. Ng5 Nd4 23. e3 Ne6 24. Nxe6 fxe6 25. Rd2 d5 26. Rcd1 Rfd8 27. Qc2 c4 28. bxc4 bxc4 29. e4 Nxe4 30. Bxe4 dxe4
31. Rxd8+ Rxd8 32. Re1 Rd4 33. Rxe4 Qd6 34. Rxd4 Qxd4 35. Qe2 e5 36. Kf1 Qd5 37. Kg1 c3 38. Qc2 Qd4 39. Qb3+ Kg7 40. Qb7+ Kh6
41. Qc8 Qd1+ 42. Kg2 c2 43. Qh3+ Kg7 44. Qe6 c1=Q 45. Qe7+ Kh6 46. Qh4+ Qh5 47. Qe7 Qc6+
0-1

[Event "Open CapaBlanca"]
[Site "SchemingMind.com"]
[Date "2011.06.06"]
[Round "-"]
[White "Archon"]
[Black "Ayçaguer"]
[Result "1-0"]
[WhiteCountry "CAN"]
[BlackCountry "ARG"]
[WhiteElo "1796"]
[WhiteRD "54"]
[BlackElo "1427"]
[BlackRD "88"]
[GameID "285891"]

1. Nf3 Nf6 2. c4 c5 3. g3 b6 4. Bg2 Bb7 5. O-O e6 6. Nc3 Be7 7. d4 cxd4 8. Qxd4 Nc6 9. Qd1 O-O 10. Bg5 d6
11. e4 a6 12. Qe2 Qc7 13. Rfd1 Rad8 14. Rac1 Qb8 15. b3 Rfe8 16. Qc2 Qa8 17. Be3 Nb4 18. Qb1 Nxe4 19. Bxb6 Rc8 20. Ne1 Nxc3
21. Rxc3 Bxg2 22. Nxg2 d5 23. Rdc1 Bf6 24. Rf3 a5 25. Rxf6 gxf6 26. Nf4 Kf8 27. Qxh7 dxc4 28. Rxc4 Rxc4 29. bxc4 e5 30. Nh5 Qf3
31. Bc5+
1-0

[Event "Open CapaBlanca"]
[Site "SchemingMind.com"]
[Date "2011.06.06"]
[Round "-"]
[White "Archon"]
[Black "SittingBull"]
[Result "1-0"]
[WhiteCountry "CAN"]
[BlackCountry "CAN"]
[WhiteElo "1769"]
[WhiteRD "54"]
[BlackElo "1855"]
[BlackRD "66"]
[GameID "285892"]

1. Nf3 Nf6 2. c4 g6 3. g3 Bg7 4. Bg2 O-O 5. O-O c5 6. Nc3 Nc6 7. d4 cxd4 8. Nxd4 Rb8 9. a3 Nxd4 10. Qxd4 a6
11. Qa7 Qc7 12. Bf4 d6 13. c5 Be6 14. cxd6 exd6 15. Rfd1 Ra8 16. Qe3 Qc5 17. Qd2 d5 18. Rac1 Qa5 19. Nxd5 Qxd2 20. Nxf6+ Bxf6
21. Rxd2 Rac8 22. Rdc2 Rfd8 23. Bf3 Rxc2 24. Rxc2 Bb3 25. Rc7 b5 26. Rc6 Bxb2 27. Rxa6 Bc4 28. Ra7 Kg7 29. a4 b4 30. a5 b3
31. a6 Ba1 32. Rb7 Bxa6 33. Rxb3 Rd1+ 34. Kg2 Re1 35. Ra3 Bc4 36. Rxa1
1-0

[Event "Open CapaBlanca"]
[Site "SchemingMind.com"]
[Date "2011.06.06"]
[Round "-"]
[White "Archon"]
[Black "otsenrechess"]
[Result "0-1"]
[WhiteCountry "CAN"]
[BlackCountry "HUN"]
[WhiteElo "1769"]
[WhiteRD "54"]
[BlackElo "2318"]
[BlackRD "63"]
[GameID "285893"]

1. Nf3 Nf6 2. c4 e6 3. g3 d5 4. Bg2 Be7 5. O-O O-O 6. d4 dxc4 7. Qc2 a6 8. Qxc4 b5 9. Qc2 Bb7 10. Bf4 Nc6
11. Rd1 Nb4 12. Qd2 Ne4 13. Qc1 Nd5 14. Nc3 Nexc3 15. bxc3 Nxf4 16. gxf4 Qd6 17. e3 f6 18. a4 Be4 19. axb5 axb5 20. Rxa8 Rxa8
21. c4 b4 22. c5 Qd5 23. Ne1 Bxg2 24. Nxg2 Ra2 25. Ne1 b3 26. Nd3 Rc2 27. Qb1 Qh5 28. Ne1 Qg4+ 29. Ng2 Qe2 30. Rf1 b2
31. Nh4 Qxf1+
0-1

[Event "Open CapaBlanca"]
[Site "SchemingMind.com"]
[Date "2011.06.08"]
[Round "-"]
[White "Archon"]
[Black "concave"]
[Result "0-1"]
[WhiteCountry "CAN"]
[BlackCountry "GER"]
[WhiteElo "1769"]
[WhiteRD "54"]
[BlackElo "2167"]
[BlackRD "90"]
[GameID "285894"]

1. Nf3 Nf6 2. g3 d5 3. Bg2 Bf5 4. O-O e6 5. d3 Bd6 6. Nbd2 O-O 7. Qe1 e5 8. e4 dxe4 9. dxe4 Be6 10. Qe2 Nc6
11. c3 Qd7 12. Nc4 Bh3 13. Bxh3 Qxh3 14. Ng5 Qd7 15. Kg2 h6 16. Nxd6 Qxd6 17. Nf3 Rad8 18. Re1 Rd7 19. Nh4 Rfd8 20. Nf5 Qe6
21. Bxh6 gxh6 22. Nxh6+ Kf8 23. Qe3 Ng4 24. Nxg4 Qxg4 25. Qh6+ Qg7 26. Qh4 Rd2 27. b4 Ne7 28. Qh5 Ng6 29. h4 Nf4+
0-1

[Event "Open CapaBlanca"]
[Site "SchemingMind.com"]
[Date "2011.06.10"]
[Round "-"]
[White "emvarela"]
[Black "Archon"]
[Result "0-1"]
[WhiteCountry "ARG"]
[BlackCountry "CAN"]
[WhiteElo "1728"]
[WhiteRD "46"]
[BlackElo "1763"]
[BlackRD "56"]
[GameID "285895"]

1. e4 d6 2. d4 Nf6 3. Nc3 g6 4. f4 Bg7 5. Nf3 O-O 6. Bd3 Na6 7. O-O c5 8. d5 Bg4 9. Bc4 Nc7 10. h3 Bxf3
11. Qxf3 a6 12. a4 b6 13. Qd3 e6 14. dxe6 fxe6 15. f5 d5 16. exd5 exd5 17. Ba2 c4 18. Qg3 b5 19. fxg6 Qd7 20. gxh7+ Kh8
21. Ne2 Ne4 22. Qh4 Rxf1+ 23. Kxf1 Rf8+ 24. Kg1 Qf7 25. axb5 Qf1+ 26. Kh2 Be5+
0-1

[Event "Open CapaBlanca"]
[Site "SchemingMind.com"]
[Date "2011.06.06"]
[Round "-"]
[White "Ayçaguer"]
[Black "Archon"]
[Result "0-1"]
[WhiteCountry "ARG"]
[BlackCountry "CAN"]
[WhiteElo "1325"]
[WhiteRD "81"]
[BlackElo "1769"]
[BlackRD "54"]
[GameID "285896"]

1. d4 d6 2. e4 Nf6 3. Nd2 g6 4. Ngf3 Bg7 5. Be2 O-O 6. O-O Nbd7 7. c4 c6 8. Rb1 a6 9. b4 b5 10. d5 cxd5
11. cxd5 Nb6 12. Nb3 Bg4 13. Na5 Qc7 14. Nd2 Bd7 15. Bb2 Rac8 16. Bd4 Be8 17. Bxf6 Bxf6 18. Rc1 Qxc1 19. Qxc1 Rxc1 20. Rxc1 Bd7
21. Ndb3 Rc8 22. Rxc8+ Nxc8 23. f3 Nb6 24. Nc6 Bxc6 25. dxc6 Nc8 26. Kf2 Kf8 27. Na5 Ke8 28. Ke3 Kd8 29. f4 e5 30. g3 Kc7
31. g4 Na7 32. g5 exf4+ 33. Kxf4 Be5+ 34. Kg4 Nxc6 35. Nxc6 Kxc6
0-1

[Event "Open CapaBlanca"]
[Site "SchemingMind.com"]
[Date "2011.06.06"]
[Round "-"]
[White "otsenrechess"]
[Black "Archon"]
[Result "1-0"]
[WhiteCountry "HUN"]
[BlackCountry "CAN"]
[WhiteElo "2309"]
[WhiteRD "76"]
[BlackElo "1796"]
[BlackRD "54"]
[GameID "285898"]

1. c4 d6 2. Nc3 e5 3. g3 f5 4. Bg2 Nf6 5. d3 Be7 6. Nf3 f4 7. gxf4 exf4 8. Bxf4 O-O 9. Bg3 Nc6 10. Qb3 Kh8
11. O-O Rb8 12. d4 Bg4 13. Rad1 Nh5 14. d5 Nxg3 15. hxg3 Bxf3 16. exf3 Ne5 17. f4 Ng4 18. Bh3 Nh6 19. Rfe1 Bh4 20. gxh4 Qxh4
21. Ne2 Nf5 22. Rd3 Rf6 23. Bxf5 Rxf5 24. Rh3 Qg4+ 25. Qg3
1-0

[Event "Open CapaBlanca"]
[Site "SchemingMind.com"]
[Date "2011.06.09"]
[Round "-"]
[White "concave"]
[Black "Archon"]
[Result "1-0"]
[WhiteCountry "GER"]
[BlackCountry "CAN"]
[WhiteElo "2143"]
[WhiteRD "89"]
[BlackElo "1796"]
[BlackRD "54"]
[GameID "285899"]

1. e4 d6 2. d4 Nf6 3. Nc3 g6 4. Be3 c6 5. Qd2 Bg7 6. f3 b5 7. O-O-O b4 8. Nce2 Qb6 9. g4 a5 10. h4 h5
11. gxh5 Nxh5 12. Nh3 Ba6 13. Nhf4 Nxf4 14. Nxf4 Nd7 15. Bxa6 Qxa6 16. h5 gxh5 17. Nxh5 Rxh5 18. Rxh5 O-O-O 19. Rh7 Bf6 20. f4 e5
21. dxe5 dxe5 22. Rxf7 Qa7 23. Bxa7
1-0

[Event "Open CapaBlanca"]
[Site "SchemingMind.com"]
[Date "2011.06.06"]
[Round "-"]
[White "keen"]
[Black "Archon"]
[Result "1/2-1/2"]
[WhiteCountry "SCO"]
[BlackCountry "CAN"]
[WhiteElo "1662"]
[WhiteRD "58"]
[BlackElo "1805"]
[BlackRD "54"]
[GameID "285950"]

1. e4 d6 2. d4 Nf6 3. Nc3 g6 4. Nf3 Bg7 5. Bc4 Nc6 6. O-O Bg4 7. Be3 O-O 8. h3 Bxf3 9. Qxf3 e5 10. Rad1 exd4
11. Bxd4 Nxd4 12. Rxd4 Nd7 13. Rdd1 Ne5 14. Qe2 Nxc4 15. Qxc4 c6 16. Rfe1 Qb8 17. b3 Rd8 18. Ne2 Qc7 19. Ng3 Rac8 20. Ne2 d5
21. exd5 cxd5 22. Qxc7 Rxc7 23. c4 Rcd7 24. cxd5 Rxd5 25. Rxd5=
1/2-1/2

[Event "Open CapaBlanca"]
[Site "SchemingMind.com"]
[Date "2011.06.06"]
[Round "-"]
[White "keen"]
[Black "Ayçaguer"]
[Result "0-1"]
[WhiteCountry "SCO"]
[BlackCountry "ARG"]
[WhiteElo "1662"]
[WhiteRD "58"]
[BlackElo "1458"]
[BlackRD "125"]
[GameID "285952"]

1. e4 e6 2. d4 d5 3. Nc3 dxe4 4. Nxe4 Bd7 5. Nf3 Bc6 6. Ng3 Nf6 7. Bd3 Be7 8. c3 O-O 9. O-O Nbd7 10. Re1 b6
11. Bf4 Bb7 12. Ng5 g6 13. h4 h5 14. Nxe6 fxe6 15. Bxg6 Ng4 16. Nxh5 Nxf2 17. Kxf2 Bxh4+ 18. g3 Qg5 19. Re3 Qxg6 20. Qg1 Qxh5
21. gxh4+ Kh8 22. Rf3 Qxf3+
0-1

[Event "Open CapaBlanca"]
[Site "SchemingMind.com"]
[Date "2011.06.06"]
[Round "-"]
[White "keen"]
[Black "SittingBull"]
[Result "1-0"]
[WhiteCountry "SCO"]
[BlackCountry "CAN"]
[WhiteElo "1674"]
[WhiteRD "61"]
[BlackElo "1916"]
[BlackRD "63"]
[GameID "285953"]

1. e4 c5 2. c3 Nf6 3. e5 Nd5 4. Nf3 e6 5. Be2 Be7 6. O-O O-O 7. d4 Nc6 8. Nbd2 cxd4 9. cxd4 d6 10. Nc4 dxe5
11. dxe5 a6 12. a3 b5 13. Ne3 Nf4 14. Re1 Nxe2+ 15. Qxe2 Qc7 16. Bd2 Nxe5 17. Nxe5 Qxe5 18. Qf3 Rb8 19. Ng4 Qd4 20. Bc3 Qc4
21. Ne5 Bb7 22. Qg3
1-0

[Event "Open CapaBlanca"]
[Site "SchemingMind.com"]
[Date "2011.06.06"]
[Round "-"]
[White "keen"]
[Black "otsenrechess"]
[Result "0-1"]
[WhiteCountry "SCO"]
[BlackCountry "HUN"]
[WhiteElo "1662"]
[WhiteRD "58"]
[BlackElo "2304"]
[BlackRD "86"]
[GameID "285954"]

1. e4 e5 2. Nf3 Nc6 3. d4 exd4 4. Bc4 Be7 5. c3 Na5 6. Bxf7+ Kxf7 7. Ne5+ Kf8 8. Qh5 Qe8 9. Qf5+ Nf6 10. cxd4 d6
11. Nd7+ Bxd7 12. Qxa5 Nxe4 13. O-O Bf6 14. Re1 Bxd4 15. Kf1 Bb5+
0-1

[Event "Open CapaBlanca"]
[Site "SchemingMind.com"]
[Date "2011.06.08"]
[Round "-"]
[White "keen"]
[Black "concave"]
[Result "0-1"]
[WhiteCountry "SCO"]
[BlackCountry "GER"]
[WhiteElo "1674"]
[WhiteRD "61"]
[BlackElo "2143"]
[BlackRD "89"]
[GameID "285955"]

1. e4 c5 2. Nf3 e6 3. d4 cxd4 4. Bc4 Nc6 5. c3 d5 6. Bb5 dxe4 7. Nxd4 Qc7 8. Bg5 Be7 9. Bxe7 Nxe7 10. Qg4 O-O
11. Qxe4 Nxd4 12. Qxd4 Rd8 13. Qe4 Rd5 14. Bd3 Re5
0-1

[Event "Open CapaBlanca"]
[Site "SchemingMind.com"]
[Date "2011.06.06"]
[Round "-"]
[White "Archon"]
[Black "keen"]
[Result "1/2-1/2"]
[WhiteCountry "CAN"]
[BlackCountry "SCO"]
[WhiteElo "1805"]
[WhiteRD "54"]
[BlackElo "1662"]
[BlackRD "58"]
[GameID "285956"]

1. Nf3 Nf6 2. c4 e6 3. g3 b6 4. Bg2 Bb7 5. O-O g6 6. b3 Bg7 7. Bb2 O-O 8. Nc3 d6 9. d4 Re8 10. Qc2 Nc6
11. e3 a6 12. Rac1 Nb4 13. Qb1 e5 14. Rcd1 exd4 15. exd4 Nc6 16. d5 Ne7 17. Nd4 Rb8 18. Qa1 Bc8 19. Rfe1 Bd7 20. Ne4 Nxe4
21. Bxe4 Bh3 22. Bg2 Bxg2 23. Kxg2 h5 24. Rxe7 Rxe7 25. Nc6 Bxb2 26. Qxb2 Qe8 27. Nxb8 Qxb8 28. Qd2 Qf8=
1/2-1/2

[Event "Open CapaBlanca"]
[Site "SchemingMind.com"]
[Date "2011.06.06"]
[Round "-"]
[White "Ayçaguer"]
[Black "keen"]
[Result "0-1"]
[WhiteCountry "ARG"]
[BlackCountry "SCO"]
[WhiteElo "1458"]
[WhiteRD "125"]
[BlackElo "1662"]
[BlackRD "58"]
[GameID "285958"]

1. d4 d5 2. c4 Nf6 3. cxd5 Qxd5 4. Nf3 Nc6 5. e3 Bg4 6. Be2 O-O-O 7. O-O e5 8. dxe5 Qe6 9. Qa4 Nd7 10. Rd1 Be7
11. h3 Bh5 12. Nc3 Kb8 13. b3 Nb6 14. Qf4 Rxd1+ 15. Bxd1 a6 16. e4 Qg6 17. Be3 Qe6 18. Bxb6 cxb6 19. Na4 Ka7 20. Qe3 Qg6
21. Qxb6+ Kb8 22. Be2 Qxe4 23. Bxa6 Nb4 24. Nc3 Qc6 25. Qxc6 Nxc6 26. Bc4 Bxf3 27. gxf3 Nxe5 28. Kg2 Nxc4 29. bxc4 Rc8 30. a4 Rxc4
31. Ne4 Ka7 32. Kf1 Ka6 33. Ke2 Ka5 34. Kd3 Rxa4 35. Rg1 g6 36. Rg4 f5
0-1